00683nam a2200229 a 4500001001300000003000900013005001700022008004100039020001000080082001600090100002300106245007600129260004100205300000900246500003500255505001300290650002400303902000800327942000700335952009600342999001500438nice12345678IN_TiNIC20260116011647.0050524s1948 lona grp 000 0 eng  ac10000a232.91bPOH aPohle, Msgr Joseph aMariologyb Dogmatic Treatise on the Blessed Virgin Mary, Mother of God aLondonbB. Herder Book Companyc1948 a185p aincludes index and biblioraphy2 aAppendex aMary-Blessed Virgin bSRS cBK 00104070aHMIbHMId2007-06-19g100.00l0o232.91 POHp8358r2007-06-19w2026-01-16yARB c3219d3219